| 000 | 01029nam a22003137a 4500 | ||
|---|---|---|---|
| 003 | DO-SdBNP | ||
| 005 | 20250621074010.0 | ||
| 007 | ta | ||
| 008 | 221108b2011 dr ||||| |||| 00| 0 spa d | ||
| 020 | _a9789945863307 | ||
| 040 |
_aDO-SdBNP _bspa _cBNPHU |
||
| 082 | 4 |
_a320.97293 _bP154en, 2011 _222 |
|
| 100 | 1 |
_aPalamara Mieses, Battésimo A., _d1935- _922859 |
|
| 245 | 1 | 0 |
_aEnsayo histórico y cultural : _bciclo de conferencias / _cBattésimo A. Palamara Mieses. |
| 250 | _a8a ed. | ||
| 260 |
_aSanto Domingo : _bKarabú, _c2011. |
||
| 300 |
_a121 p. : _c21 cm. |
||
| 490 | 1 | _aOmega | |
| 500 | _aIncluye datos biográficos del autor en la contracubierta | ||
| 504 | _aBibliografía : p. 3 | ||
| 590 | _aInventariado, 2022/BT | ||
| 651 | 0 |
_aRepública Dominicana _xPolítica y gobierno _945 |
|
| 651 | 4 |
_aRepública Dominicana _xRelaciones _zHaití _95153 |
|
| 651 | 4 |
_aRepública Dominicana _xHistoria _9170 |
|
| 651 | 4 |
_aItalia _xHistoria _980252 |
|
| 830 | 0 |
_aOmega _922860 |
|
| 910 | _aBtavárez | ||
| 942 |
_2ddc _cLBS1 |
||
| 999 |
_c52828 _d52828 |
||